[Event "Pardubice rapid op 34th"]
[Site "Pardubice"]
[Date "2023.07.19"]
[Round "1"]
[White "Yun, Hungi"]
[Black "Panjer, Sidney"]
[Result "1/2-1/2"]
[WhiteElo "1696"]
[BlackElo "2090"]
[PlyCount "84"]
[EventDate "2023.07.19"]
[EventType "swiss (rapid)"]
[EventRounds "9"]
[EventCountry "CZE"]
[SourceTitle "CBM 215 Extra"]
[Source "ChessBase"]
[SourceDate "2023.09.30"]
[SourceVersion "1"]
[SourceVersionDate "2023.09.30"]
[SourceQuality "1"]

1. e4 e5 2. Nf3 Nc6 3. d4 exd4 4. Bc4 Nf6 5. e5 d5 6. Bb5 Ne4 7. Nxd4 Bc5 8. Be3 0-0 9. Nxc6 bxc6 10. Bxc5 Nxc5 11. Bxc6 Rb8 12. Qxd5 Qe7 13. 0-0 Rxb2 14. Na3 Ne6 15. Nc4 Rd8 16. Qa5 Rxc2 17. Qa4 Nd4 18. Be4 Rc3 19. Rab1 Qc5 20. Ne3 Qxe5 21. Ba8 Be6 22. Qxa7 c5 23. Bb7 h6 24. Rfe1 Qc7 25. Qa6 Nc2 26. Nxc2 Rxc2 27. Be4 Rxa2 28. Qb5 c4 29. Rb2 Rxb2 30. Qxb2 c3 31. Qc2 Rd2 32. Qa4 g6 33. Qe8+ Kg7 34. Qa4 Qf4 35. Rf1 Bf5 36. f3 Qe3+ 37. Kh1 Qe2 38. Rg1 Bxe4 39. fxe4 Qd3 40. Qa1 Kh7 41. Rf1 Kg7 42. h3 Qg3 1/2-1/2

[Event "Wch U12"]
[Site "Batumi"]
[Date "2022.09.26"]
[Round "10"]
[White "Yun, Hungi"]
[Black "Karaca, Yigit1111"]
[Result "0-1"]
[WhiteElo "1542"]
[BlackElo "1813"]
[PlyCount "54"]
[EventDate "2022.09.16"]
[EventType "swiss"]
[EventRounds "11"]
[EventCountry "GEO"]
[SourceTitle "EXT 2023"]
[Source "ChessBase"]
[SourceDate "2022.10.05"]
[SourceVersion "1"]
[SourceVersionDate "2022.10.05"]
[SourceQuality "1"]

1. e4 c5 2. Nf3 d6 3. d4 cxd4 4. Nxd4 Nf6 5. Nc3 g6 6. Be3 Bg7 7. f3 Nc6 8. Qd2 0-0 9. Bc4 Bd7 10. h4 h5 11. 0-0-0 Rc8 12. Bb3 Ne5 13. Bg5 Qa5 14. Kb1 Nc4 15. Bxc4 Rxc4 16. Nb3 Qe5 17. Bf4 Qe6 18. Nd4 Nxe4 19. Nxe4 Rxd4 20. Qf2 Rb4 21. c3 Rb6 22. g4 Bc6 23. Rhe1 Qc4 24. gxh5 d5 25. b3 dxe4 26. h6 Bf6 27. fxe4 Bxc3 0-1